<?xml version="1.0" encoding="UTF-8"?>
<collection xmlns="http://www.loc.gov/MARC21/slim">
    <record>
        <controlfield tag="001">70192</controlfield>
        <controlfield tag="005">20180508092655.0</controlfield>
        <datafield tag="024" ind1="7" ind2=" ">
            <subfield code="2">doi</subfield>
            <subfield code="a">10.1016/j.sbspro.2013.02.037</subfield>
        </datafield>
        <datafield tag="024" ind1="8" ind2=" ">
            <subfield code="2">sideral</subfield>
            <subfield code="a">82362</subfield>
        </datafield>
        <datafield tag="037" ind1=" " ind2=" ">
            <subfield code="a">ART-2013-82362</subfield>
        </datafield>
        <datafield tag="041" ind1=" " ind2=" ">
            <subfield code="a">eng</subfield>
        </datafield>
        <datafield tag="100" ind1=" " ind2=" ">
            <subfield code="a">Tramullas, J.</subfield>
        </datafield>
        <datafield tag="245" ind1=" " ind2=" ">
            <subfield code="a">An evaluation based on the digital library user: An experience with greenstone software</subfield>
        </datafield>
        <datafield tag="260" ind1=" " ind2=" ">
            <subfield code="c">2013</subfield>
        </datafield>
        <datafield tag="506" ind1="0" ind2=" ">
            <subfield code="a">Access copy available to the general public</subfield>
            <subfield code="f">Unrestricted</subfield>
        </datafield>
        <datafield tag="520" ind1="3" ind2=" ">
            <subfield code="a">Digital libraries are a product of digital information aimed at satisfying users’ information needs, through collections of documents to which value added services are provided. To ensure the correct functioning of digital libraries and the services they provide it is essential to adequately include an understanding of the needs of users and their behavior in the design and creation processes. The evaluation of digital libraries has benefited from an effort to establish theoretical frameworks. The model that is proposed is based on techniques centered on the user. The focus is on defining the structure of the analysis, establishing evaluation levels and criteria, and verifying these through an evaluation process, carried out by a group of end users. The user activity identified, and which was the subject of the study, is the process of creating, enriching and configuring a collection for a digital library. A basic evaluation instrument was designed, which combined closed and guided questionnaires with the collection and study of individual opinions of users in the test groups. The results obtained made it possible to confirm that the instrument has produced valid results. The weaknesses and problems inherent in the tool, and the tool's deficiencies which must be corrected, were identified.</subfield>
        </datafield>
        <datafield tag="540" ind1=" " ind2=" ">
            <subfield code="9">info:eu-repo/semantics/openAccess</subfield>
            <subfield code="a">by-nc-nd</subfield>
            <subfield code="u">http://creativecommons.org/licenses/by-nc-nd/3.0/es/</subfield>
        </datafield>
        <datafield tag="655" ind1=" " ind2="4">
            <subfield code="a">info:eu-repo/semantics/article</subfield>
            <subfield code="v">info:eu-repo/semantics/publishedVersion</subfield>
        </datafield>
        <datafield tag="700" ind1=" " ind2=" ">
            <subfield code="a">Sánchez Casabón, A.I.</subfield>
        </datafield>
        <datafield tag="700" ind1=" " ind2=" ">
            <subfield code="0">(orcid)0000-0002-1750-7225</subfield>
            <subfield code="a">Garrido , P</subfield>
            <subfield code="u">Universidad de Zaragoza</subfield>
        </datafield>
        <datafield tag="710" ind1="2" ind2=" ">
            <subfield code="1">5007</subfield>
            <subfield code="2">570</subfield>
            <subfield code="a">Universidad de Zaragoza</subfield>
            <subfield code="b">Departamento de Informática e Ingeniería de Sistemas</subfield>
            <subfield code="c">Lenguajes y Sistemas Informáticos</subfield>
        </datafield>
        <datafield tag="773" ind1=" " ind2=" ">
            <subfield code="g">73 (2013), 167-174</subfield>
            <subfield code="t">Procedia: social &amp; behavioral sciences</subfield>
            <subfield code="x">1877-0428</subfield>
        </datafield>
        <datafield tag="856" ind1="4" ind2=" ">
            <subfield code="s">107621</subfield>
            <subfield code="u">http://zaguan.unizar.es/record/70192/files/texto_completo.pdf</subfield>
            <subfield code="y">Versión publicada</subfield>
        </datafield>
        <datafield tag="856" ind1="4" ind2=" ">
            <subfield code="s">73471</subfield>
            <subfield code="u">http://zaguan.unizar.es/record/70192/files/texto_completo.jpg?subformat=icon</subfield>
            <subfield code="x">icon</subfield>
            <subfield code="y">Versión publicada</subfield>
        </datafield>
        <datafield tag="909" ind1="C" ind2="O">
            <subfield code="o">oai:zaguan.unizar.es:70192</subfield>
            <subfield code="p">articulos</subfield>
            <subfield code="p">driver</subfield>
        </datafield>
        <datafield tag="951" ind1=" " ind2=" ">
            <subfield code="a">2018-05-08-08:21:17</subfield>
        </datafield>
        <datafield tag="980" ind1=" " ind2=" ">
            <subfield code="a">ARTICLE</subfield>
        </datafield>
    </record>

    
</collection>